书目信息 |
| 题名: |
弱磁无损检测技术
|
|
| 作者: | 于润桥 , 胡博 著 | |
| 分册: | ||
| 出版信息: | 北京 科学出版社 2018.11 |
|
| 页数: | 198页 | |
| 开本: | 24cm | |
| 丛书名: | ||
| 单 册: | ||
| 中图分类: | TB302.5 | |
| 科图分类: | ||
| 主题词: | 工程材料--gong cheng cai liao--弱磁场--无损检验 | |
| 电子资源: | ||
| ISBN: | 978-7-03-059222-4 | |
| 000 | 00879nam0 2200253 450 | |
| 001 | 202019134186 | |
| 005 | 20191002113833.0 | |
| 010 | @a978-7-03-059222-4@dCNY88.00 | |
| 100 | @a20190928d2018 em y0chiy50 ea | |
| 101 | 0 | @achi |
| 102 | @aCN@b110000 | |
| 105 | @aak a 000yy | |
| 106 | @ar | |
| 200 | 1 | @a弱磁无损检测技术@Aruo ci wu sun jian ce ji shu@f于润桥, 胡博著 |
| 210 | @a北京@c科学出版社@d2018.11 | |
| 215 | @a198页@c图@d24cm | |
| 320 | @a有书目 | |
| 330 | @a本书主要内容包括弱磁无损检测技术的特点及发展趋势, 弱磁无损检测的基本理论, 弱磁检测仪器的研制思路, 以及铁磁性金属材料、非铁磁性金属材料和非金属材料弱磁无损检测的相关案例等。 | |
| 606 | 0 | @a工程材料@Agong cheng cai liao@x弱磁场@x无损检验 |
| 690 | @aTB302.5@v5 | |
| 701 | 0 | @a于润桥@Ayu run qiao@4著 |
| 701 | 0 | @a胡博@Ahu bo@4著 |
| 801 | 0 | @aCN@c20190905 |
| 905 | @a河南城建学院图书馆@dTB302.5@eY722 | |
| 弱磁无损检测技术/于润桥, 胡博著.-北京:科学出版社,2018.11 |
| 198页:图;24cm |
| ISBN 978-7-03-059222-4:CNY88.00 |
| 本书主要内容包括弱磁无损检测技术的特点及发展趋势, 弱磁无损检测的基本理论, 弱磁检测仪器的研制思路, 以及铁磁性金属材料、非铁磁性金属材料和非金属材料弱磁无损检测的相关案例等。 |
| ● |
| 相关链接 |
|
|
|
正题名:弱磁无损检测技术
索取号:TB302.5/Y722
 
预约/预借
| 序号 | 登录号 | 条形码 | 馆藏地/架位号 | 状态 | 备注 |
| 1 | 1441981 | 214419814 | 自科库501/501自科库 12排2列2层/ [索取号:TB302.5/Y722] | 在馆 | |
| 2 | 1441982 | 214419823 | 自科库501/501自科库 12排2列2层/ [索取号:TB302.5/Y722] | 在馆 |